=LDR 00000nam 2200000 4500 =001 INLIS000000000009664 =005 20130612101443 =008 ***********************************Ind** =035 ##$$0010-061300000009664 =041 ##$$a Ind =082 ##$$a 2x7.42 =090 ##$$a 2x7.42, Qar b =100 ##$$a Qardhawi, Yusuf =245 ##$$a Beruta Kemenangan Islam, Dr.Yusuf Qardhawi; Penerjemah, abdul Hayyie Al-Kattanie =260 ##$$a 1997 $b Jakarta =300 ##$$a 154 hlm, 21 cm =650 ##$$a Islam- Pembaharuan =850 ##$$a NBPNMAT